000 00830nam a2200253 a 4500
003 DO-SdBNP
005 20221115091312.0
007 ta
008 221115b2022 dr |||gr|||| 001 pdspa d
020 _a9798768685560
040 _aDO-SdBNP
_bspa
_cBNPHU
082 4 _222
_bR173p
245 1 0 _aPeregrino:
_bversografía de la evolución de un pueblo. poesías. /
_cSauris Ramírez
246 1 3 _aPoesías
260 _aSanto Domingo :
_bTiempo de Nosotros,
_c2022
300 _a125 p. ;
_c23 cm.
500 _aIncluye datos biográficos del autor en la solapas de las cubiertas.
590 _aInventariado 2022 / MF
650 4 _982754
_aLiteratura
_xRepública Dominicana
650 4 _926317
_aPoesía Social
_xRepública Dominicana
650 4 _980897
_aPoesía
_xRepública Dominicana
910 _aMfeliz
942 _2ddc
_cLBS1
999 _c52929
_d52929